More Water Than Land - Europe Map Sudden Death - Statistics

General Stats
  • This quiz has been taken 5,871 times
  • The average score is 12 of 17
Answers on the Grid
Answers color-coded by a green-red scale on the quiz's grid according to % correct below.
 
Answer Stats
Answer % Correct
93%
93%
93%
86%
86%
85%
83%
82%
78%
68%
66%
60%
60%
53%
45%
44%
20%
No matching quizzes found
Score Distribution
Percent of People with Each Score
Percentile by Number Answered
Your Score History
You have not taken this quiz